[Event "Mechanics' Winter TNM; G/2"]
[Site "San Francisco"]
[Date "2017.02.21"]
[Round "8.10"]
[White "Erickson, Lane"]
[Black "Walder, Michael S"]
[Result "0-1"]
[WhiteElo "1648"]
[BlackElo "2075"]
[PlyCount "42"]
[EventDate "2017.??.??"]

1. b4 e5 2. Bb2 Bxb4 3. Bxe5 Nf6 4. e3 d5 5. c4 O-O 6. Bc3 Nc6 7. Qb3 Qd6 8.
Bxb4 Qxb4 9. Qxb4 Nxb4 10. Na3 Bf5 11. Nf3 c5 12. d4 Rfe8 13. Be2 dxc4 14. Bxc4
Bd3 15. Bb3 c4 16. Ba4 Re7 17. Ne5 a6 18. Naxc4 Bxc4 19. Nxc4 b5 20. Bxb5 axb5
21. Nd6 Nc2+ 0-1

[Event "Mechanics' Spring TNM; G/2"]
[Site "San Francisco"]
[Date "2017.03.28"]
[Round "3.18"]
[White "Erickson, Lane Aus"]
[Black "Cheng, Alfonso"]
[Result "0-1"]
[WhiteElo "1645"]
[BlackElo "1913"]
[PlyCount "60"]
[EventDate "2017.??.??"]

1. e4 c5 2. Nc3 Nc6 3. Nge2 e6 4. g3 d5 5. exd5 exd5 6. Bg2 d4 7. Nd5 Bg4 8. h3
Bh5 9. g4 Bg6 10. Nef4 Bd6 11. d3 Nge7 12. Nxg6 hxg6 13. Bg5 f6 14. Bd2 Nxd5
15. Bxd5 Qb6 16. Qe2+ Kd8 17. O-O-O Re8 18. Qf3 Ne5 19. Qg2 a5 20. f4 Nc6 21.
Bf7 Re7 22. Bxg6 Nb4 23. Bxb4 axb4 24. Qd5 Kc7 25. f5 Qa5 26. Bf7 b5 27. Rde1
Rxe1+ 28. Rxe1 b3 29. Re6 Bf4+ 30. Kd1 Qd2# 0-1

[Event "Mechanics' Spring TNM; G/2"]
[Site "San Francisco"]
[Date "2017.03.21"]
[Round "2.32"]
[White "Erickson, Lane Aus"]
[Black "James, Charles"]
[Result "1-0"]
[WhiteElo "1645"]
[BlackElo "1435"]
[PlyCount "69"]
[EventDate "2017.??.??"]

1. a4 e5 2. e4 Nf6 3. Nc3 Bc5 4. a5 O-O 5. Bc4 d6 6. d3 c6 7. Nf3 a6 8. O-O Bb4
9. Bg5 Nbd7 10. Qd2 Bxa5 11. Nh4 b5 12. Bb3 Bxc3 13. bxc3 a5 14. Nf5 Nc5 15. f4
Bxf5 16. fxe5 Nxb3 17. cxb3 Nxe4 18. dxe4 f6 19. exf6 gxf6 20. Bh6 Bxe4 21.
Bxf8 Qxf8 22. Qd4 Re8 23. Qxf6 Bc2 24. Rxa5 Bxb3 25. Qd4 Qe7 26. Ra7 Qe3+ 27.
Qxe3 Rxe3 28. Rf3 Rxf3 29. gxf3 c5 30. Kf2 Bf7 31. Ke3 Kg7 32. Rb7 Kf6 33. Rxb5
Bc4 34. Rb6 Ke5 35. Rb7 1-0

[Event "Mechanics' Spring TNM; G/2"]
[Site "San Francisco"]
[Date "2017.05.02"]
[Round "8.22"]
[White "Erickson, Lane Aus"]
[Black "Kuczek, Kevin W"]
[Result "0-1"]
[WhiteElo "1645"]
[BlackElo "1799"]
[PlyCount "34"]
[EventDate "2017.??.??"]

1. e4 e5 2. Nf3 Nc6 3. Bc4 Bc5 4. c3 d6 5. d4 exd4 6. Qb3 Qe7 7. O-O Nf6 8.
cxd4 Bxd4 9. Bd5 Bb6 10. Bg5 h6 11. Bh4 O-O 12. Bxc6 bxc6 13. Qc3 g5 14. Nxg5
hxg5 15. Bxg5 Kg7 16. Qg3 Qxe4 17. Bf4+ Qg6 0-1

[Event "Mechanics' Winter TNM; G/2"]
[Site "San Francisco"]
[Date "2017.01.03"]
[Round "1.29"]
[White "Fallon, Kevin R"]
[Black "Hakobyan, Sos"]
[Result "0-1"]
[WhiteElo "830"]
[BlackElo "1792"]
[Annotator "Donaldson"]
[PlyCount "88"]
[EventDate "2017.??.??"]

1. d4 Nf6 2. c4 c5 3. d5 e6 4. Nc3 exd5 5. cxd5 d6 6. e4 g6 7. Bg5 Bg7 8. f4
Qb6 9. e5 dxe5 10. fxe5 Ng4 11. Bb5+ Kf8 {Diagram [#]} 12. Nf3 (12. e6 $1)
12... h6 13. Bh4 a6 14. Qa4 Nxe5 15. O-O Nxf3+ 16. Rxf3 Bxc3 17. bxc3 c4+ 18.
Bf2 Qxb5 19. Qa3+ Kg8 20. Qe7 Qd7 21. Qf6 a5 22. Re1 Ra6 23. Qe5 Qd6 24. Qe4
Bf5 25. Qxc4 Nd7 26. Bg3 Qc5+ 27. Qd4 Qxd4+ 28. cxd4 h5 29. Re7 Kf8 30. d6 h4
31. Be5 Nxe5 32. dxe5 Rb6 33. Rc3 Rc6 34. Rb3 b6 35. Rb7 Kg7 36. Re3 Re8 37. d7
Rd8 38. e6 Rxe6 39. Rc3 Re7 40. Rxb6 Rexd7 41. h3 Rd1+ 42. Kh2 Ra1 43. Ra3 Rdd1
44. g3 Rd2# 0-1

[Event "Mechanics' Winter TNM; G/2"]
[Site "San Francisco"]
[Date "2017.01.17"]
[Round "3.26"]
[White "Fallon, Kevin R"]
[Black "Mays, Jerry"]
[Result "0-1"]
[WhiteElo "830"]
[BlackElo "1804"]
[PlyCount "50"]
[EventDate "2017.??.??"]

1. e4 e5 2. Nf3 Nc6 3. Bb5 a6 4. Bxc6 dxc6 5. Nxe5 Qd4 6. Ng4 Bxg4 7. Qxg4 Nf6
8. Qe2 Qxe4 9. Qxe4+ Nxe4 10. O-O O-O-O 11. d3 Nc5 12. Nc3 Ne6 13. Be3 Nd4 14.
Rac1 Bb4 15. Ne4 Ne2+ 16. Kh1 Nxc1 17. Rxc1 f6 18. c3 Bd6 19. d4 Rhe8 20. f3 f5
21. Nxd6+ Rxd6 22. Bf4 Rde6 23. Bg3 Re3 24. Bf2 Re2 25. Rf1 Rxf2 0-1

[Event "Mechanics' Summer TNM; G/2 d5"]
[Site "San Francisco"]
[Date "2017.06.06"]
[Round "3.49"]
[White "Frank, Robert"]
[Black "Kim, Caden"]
[Result "1-0"]
[WhiteElo "1200"]
[BlackElo "1314"]
[Annotator "Donaldson"]
[PlyCount "107"]
[EventDate "2017.??.??"]

1. d4 d5 2. Nf3 Nf6 3. e3 e6 4. Bd3 Nc6 5. Nbd2 b6 6. c4 Bd6 7. e4 dxe4 8. Nxe4
Nxe4 9. Bxe4 Bb7 10. O-O Rb8 11. Qa4 Qd7 12. d5 Ne5 13. Qxd7+ Nxd7 14. dxe6
Bxe4 15. exd7+ Kxd7 16. b3 Bb7 17. Nd2 Rbe8 18. Bb2 f6 19. a4 Bb4 20. Rfd1 Kc8
21. Ba3 Bxa3 22. Rxa3 Rd8 23. Raa1 Rd7 (23... Rd3) 24. f3 Rhd8 25. Ra2 Rd3 26.
Rb2 Re3 27. Kf2 Re6 28. Re1 Rxe1 29. Kxe1 Rd4 30. Ke2 Rd6 31. Ra2 a6 32. Rc2
Rc6 33. Rc3 b5 34. axb5 axb5 35. Re3 bxc4 36. bxc4 Kd7 37. Kd3 Re6 38. Rxe6
Kxe6 39. Kd4 Kd6 40. g3 Kc6 41. f4 Kb6 42. Nb3 g5 43. fxg5 fxg5 44. Nc5 Bc6 45.
Ne6 h6 46. c5+ Kb5 47. Nxc7+ Kb4 48. Ne6 g4 49. Ke5 Bd7 50. Nf8 Bc6 51. Kd6 Kb5
52. Nh7 h5 53. Nf6 h4 54. gxh4 1-0

[Event "Mechanics' Winter TNM; G/2"]
[Site "San Francisco"]
[Date "2017.02.14"]
[Round "7.44"]
[White "Frank, Robert H"]
[Black "Cowgill, Jackie"]
[Result "0-1"]
[WhiteElo "1229"]
[BlackElo "914"]
[PlyCount "80"]
[EventDate "2017.??.??"]

1. d4 d5 2. Nf3 Nf6 3. e3 e6 4. Bd3 Be7 5. Nbd2 O-O 6. e4 c5 7. c3 c4 8. Bc2 b5
9. e5 Ng4 10. h3 Nxf2 11. Kxf2 Bh4+ 12. g3 Be7 13. Kg2 Nc6 14. Nf1 f6 15. h4 f5
16. Bf4 b4 17. Ba4 Bd7 18. Bxc6 Bxc6 19. Bg5 a5 20. Bxe7 Qxe7 21. N1h2 h6 22.
Qd2 Rab8 23. a3 bxc3 24. Qxc3 Rb3 25. Qc2 Ba4 26. Qd2 c3 27. bxc3 Rxa3 28. Qc1
Rxa1 29. Qxa1 Qd7 30. Rb1 Bc2 31. Rb2 Be4 32. Qxa5 Qf7 33. Rf2 Qh5 34. Qa6 Qe8
35. Kh3 Qc8 36. Qa1 Qc4 37. Nd2 Qd3 38. Nxe4 dxe4 39. Qe1 f4 40. Qf1 Qxg3# 0-1

[Event "Mechanics' Fall TNM; G/2 d5"]
[Site "San Francisco"]
[Date "2017.12.19"]
[Round "9.28"]
[White "Frank, Robert H"]
[Black "Eastham, Asher"]
[Result "0-1"]
[WhiteElo "1293"]
[BlackElo "1657"]
[PlyCount "74"]
[EventDate "2017.??.??"]

1. d4 d5 2. Nf3 Nf6 3. e3 e6 4. Bd3 Be7 5. Nbd2 O-O 6. e4 c5 7. c3 Nc6 8. b4
dxe4 9. Nxe4 cxd4 10. Nxd4 Nxd4 11. cxd4 Qxd4 12. Be3 Bxb4+ 13. Nd2 Qxd3 14.
Qe2 Rd8 15. Rd1 Ne4 16. f3 Nxd2 17. Bxd2 Bxd2+ 18. Rxd2 Qxd2+ 19. Qxd2 Rxd2 20.
Kxd2 Bd7 21. Rc1 Bc6 22. Kd3 Kf8 23. Kd4 Ke7 24. Ke3 Rd8 25. g4 f6 26. f4 Rd5
27. h4 e5 28. Rc4 Rd4 29. Rxd4 exd4+ 30. Kxd4 Kd6 31. a3 b5 32. g5 fxg5 33.
hxg5 a5 34. f5 b4 35. axb4 axb4 36. Kc4 Ke5 37. g6 h5 0-1

[Event "Mechanics' Peter Grey TNM; G/2 d5"]
[Site "San Francisco"]
[Date "2017.08.08"]
[Round "1.42"]
[White "Frank, Robert H"]
[Black "Erickson, Lane Aus"]
[Result "1/2-1/2"]
[WhiteElo "1243"]
[BlackElo "1689"]
[Annotator "Donaldson"]
[PlyCount "75"]
[EventDate "2017.??.??"]

1. d4 f6 2. Nf3 Kf7 3. c4 e6 4. e4 b6 5. e5 Bb7 6. exf6 Nxf6 7. Ne5+ Kg8 8. Bg5
Be7 9. Nd2 c5 10. Ndf3 d6 11. Nd3 cxd4 12. Nxd4 Kf7 13. Qe2 Ne4 14. Nxe6 $5
Kxe6 15. Qg4+ $2 (15. Bxe7 Qxe7 16. f3 $11) 15... Kf7 16. Qh5+ g6 17. Qf3+ Kg7
18. Bxe7 Qxe7 19. Qe3 Re8 20. O-O-O Nc5 21. Qd4+ Qf6 22. Qxf6+ Kxf6 23. Nf4 Nc6
24. Nd5+ Ke6 25. Nc7+ Kd7 26. Nxa8 Bxa8 27. f3 Ne5 28. b3 Nxf3 $6 29. gxf3 Bxf3
30. Bh3+ Kc6 31. Rhe1 Rxe1 32. Rxe1 Nd3+ 33. Kd2 Nxe1 34. Kxe1 g5 (34... Kc5)
35. Kf2 Bd1 36. Bf5 h6 37. Be4+ Kc5 38. h3 {Black should play on with 38...Kd4.
} 1/2-1/2

[Event "Mechanics' Spring TNM; G/2"]
[Site "San Francisco"]
[Date "2017.04.04"]
[Round "4.41"]
[White "Frank, Robert H"]
[Black "Garfield, Nick"]
[Result "1-0"]
[WhiteElo "1229"]
[BlackElo "1551"]
[PlyCount "57"]
[EventDate "2017.??.??"]

1. d4 Nf6 2. Nf3 e6 3. e3 c5 4. c3 d5 5. Bd3 Nc6 6. O-O cxd4 7. exd4 Be7 8. Re1
Qc7 9. Bg5 Bd7 10. Nbd2 a6 11. b4 Na7 12. a4 Qxc3 13. Qb3 Bxb4 14. Rec1 Qxb3
15. Nxb3 Rc8 16. Ne5 Rxc1+ 17. Nxc1 Nc6 18. Nxd7 Nxd7 19. Nb3 O-O 20. Be3 Na5
21. Bc2 Nxb3 22. Bxb3 a5 23. Rc1 Bd6 24. f4 Nf6 25. Bc2 Rc8 26. Bxh7+ Kxh7 27.
Rxc8 Ne4 28. Kf1 Nc3 29. Rxc3 1-0

[Event "Mechanics' Summer TNM; G/2 d5"]
[Site "San Francisco"]
[Date "2017.05.23"]
[Round "1.29"]
[White "Frank, Robert H"]
[Black "Hakobyan, Sos"]
[Result "0-1"]
[WhiteElo "1200"]
[BlackElo "1822"]
[PlyCount "76"]
[EventDate "2017.??.??"]

1. d4 Nf6 2. Nf3 e6 3. e3 c5 4. c3 cxd4 5. cxd4 Bb4+ 6. Bd2 Qe7 7. a3 Bxd2+ 8.
Nbxd2 d5 9. Bd3 O-O 10. Ne5 b6 11. O-O a5 12. Rc1 Ba6 13. Rc3 Bxd3 14. Nxd3
Nbd7 15. Nf3 Ne4 16. Rc2 f6 17. Nf4 g5 18. Nh5 Qf7 19. Nd2 Nxd2 20. Rxd2 Rac8
21. f4 h6 22. h4 Qg6 23. hxg5 fxg5 24. Qg4 Qf5 25. Qxf5 exf5 26. Kf2 Nf6 27.
Nxf6+ Rxf6 28. Kg3 Kf7 29. Kh3 Kg6 30. g4 fxg4+ 31. Kxg4 h5+ 32. Kg3 g4 33.
Rdf2 Kf5 34. Re2 h4+ 35. Kxh4 Rh6+ 36. Kg3 Rh3+ 37. Kf2 $2 (37. Kg2) 37... Rh2+
38. Ke1 Rc1+ 0-1

[Event "Mechanics' Peter Grey TNM; G/2 d5"]
[Site "San Francisco"]
[Date "2017.08.29"]
[Round "4.38"]
[White "Frank, Robert H"]
[Black "Liang, Ting"]
[Result "1-0"]
[WhiteElo "1243"]
[BlackElo "1559"]
[Annotator "Donaldson"]
[PlyCount "63"]
[EventDate "2017.??.??"]

1. d4 Nf6 2. Nf3 g6 3. g3 Bg7 4. Bg2 d6 5. O-O O-O 6. c4 c5 7. Nc3 cxd4 8. Nxd4
Qc7 9. b3 a6 10. e4 Nc6 11. Nxc6 bxc6 12. Qd2 Bb7 13. Bb2 Rad8 14. Qe2 Nd7 15.
Na4 e5 16. Rac1 Nb6 17. Nxb6 Qxb6 18. Rc3 (18. Rfd1) 18... f5 $2 (18... d5) 19.
Qe3 (19. c5 $1) 19... Qxe3 20. Rxe3 f4 21. Rd3 Rf7 $2 22. Rfd1 d5 23. cxd5 (23.
exd5 e4 (23... cxd5 24. Bxd5) 24. Bxe4 Bxb2 25. dxc6) 23... cxd5 24. exd5 e4
25. R3d2 Bxb2 $2 (25... e3 26. Re2) 26. Rxb2 f3 27. Bh3 Rf6 28. Rbd2 Rfd6 29.
Be6+ Kf8 30. Rd4 Bc8 31. Bxc8 Rxc8 32. Rxe4 {
White went on to win. Remaining moves unavailable.} 1-0

[Event "Mechanics' Fall TNM; G/2 d5"]
[Site "San Francisco"]
[Date "2017.10.24"]
[Round "1.28"]
[White "Frank, Robert H"]
[Black "McKellar, Daniel"]
[Result "0-1"]
[WhiteElo "1293"]
[BlackElo "1810"]
[Annotator "Donaldson"]
[PlyCount "112"]
[EventDate "2017.??.??"]

1. d4 d5 2. Nf3 Nf6 3. e3 Bf5 4. c4 e6 5. c5 c6 6. Bd3 Ne4 7. O-O Nd7 8. Bxe4
Bxe4 9. Nbd2 Bg6 10. b4 Be7 11. Re1 Nf6 12. Ne5 Bh5 13. f3 Nd7 14. e4 f6 15.
Nxd7 Qxd7 16. e5 fxe5 17. dxe5 Qc7 18. Nb3 O-O 19. Nd4 Qd7 20. Rf1 a5 21. bxa5
Bxc5 22. g4 Bg6 23. Kg2 Bxd4 24. Qxd4 Rxa5 25. Bd2 Raa8 26. a4 Rf7 27. a5 Raf8
28. Bb4 Rf4 29. Qc5 R8f7 30. Bd2 Rc4 31. Qb6 Rc2 32. Rf2 d4 33. h4 h6 34. h5
Bh7 35. Rc1 Rxc1 36. Bxc1 Qd5 37. Ba3 Rd7 38. Qa7 Kf7 39. Qb8 Rd8 40. Qxb7+ Qd7
41. Qxd7+ Rxd7 42. Bd6 Ra7 43. Ra2 d3 44. Kf2 g6 45. hxg6+ Bxg6 46. Ke3 Ke8 47.
Bc7 $4 (47. a6 $18) 47... Rxc7 48. a6 Ra7 49. f4 Kd7 50. Ra5 Kc7 51. f5 exf5
52. gxf5 Bxf5 53. e6 Bxe6 54. Kxd3 Bg4 55. Ke4 Be2 56. Kf4 Rxa6 0-1

[Event "Mechanics' Winter TNM; G/2"]
[Site "San Francisco"]
[Date "2017.01.24"]
[Round "4.31"]
[White "Frank, Robert H"]
[Black "Morgan, Jerry"]
[Result "0-1"]
[WhiteElo "1229"]
[BlackElo "1561"]
[PlyCount "104"]
[EventDate "2017.??.??"]

1. d4 d5 2. Nf3 Nf6 3. e3 Bg4 4. h3 Bh5 5. Bd3 Ne4 6. g4 Bg6 7. Ne5 e6 8. Qf3
Ng5 9. Qg3 Bxd3 10. Nxd3 Bd6 11. Qg2 Qf6 12. h4 Nf3+ 13. Ke2 Nxh4 14. Qh3 Ng6
15. f4 Nd7 16. g5 Qe7 17. Nd2 O-O-O 18. c4 c6 19. c5 Bc7 20. a4 h6 21. Qg2 hxg5
22. Rxh8 Rxh8 23. Qxg5 Qxg5 24. fxg5 Rh2+ 25. Kd1 Rg2 26. Nf3 Bg3 27. Bd2 Bh4
28. Nf4 Rg4 29. Nxg6 fxg6 30. Kc2 Bxg5 31. Rg1 Rxg1 32. Nxg1 Nf6 33. Kd3 Bh4
34. Nf3 g5 35. a5 a6 36. Ke2 Ne4 37. Bc1 Bg3 38. Nd2 Nf6 39. Kf3 Bc7 40. b4 g4+
41. Kg2 Kd7 42. Nf1 Ne4 43. Nh2 Nf6 44. Nf1 e5 45. Bd2 Nh5 46. Nh2 Nf6 47. Be1
exd4 48. exd4 Ke6 49. Bg3 Bxg3 50. Kxg3 Kf5 51. Nf1 Ke4 52. Nh2 Kxd4 0-1

[Event "Mechanics' Fall TNM; G/2 d5"]
[Site "San Francisco"]
[Date "2017.11.21"]
[Round "5.44"]
[White "Frank, Robert H"]
[Black "Orgilmunkh II, Tselmeg"]
[Result "1/2-1/2"]
[WhiteElo "1293"]
[BlackElo "442"]
[PlyCount "61"]
[EventDate "2017.??.??"]

1. d4 d5 2. Nf3 Nf6 3. e3 Bf5 4. Bd3 e6 5. O-O Bd6 6. Nbd2 O-O 7. c4 $4 Bxd3 8.
Re1 Bxc4 9. b3 Bd3 10. Bb2 Be4 11. Nxe4 Nxe4 12. Qd3 Nd7 13. Re2 c5 14. Rae1
cxd4 15. Qxd4 e5 16. Qxd5 Ndc5 17. b4 Nf6 18. Qd2 e4 19. Ne5 Qc7 20. bxc5 Bxe5
21. f4 Bxb2 22. Qxb2 Qxc5 23. Qxb7 Qb6 24. Qxb6 axb6 25. h3 Rfb8 26. Rb1 {
Black is winning but the game was later drawn.} b5 27. Reb2 Nh5 28. Rxb5 Rxb5
29. Rxb5 g6 30. Rb2 Rd8 31. Kh2 1/2-1/2

[Event "Mechanics' Peter Grey TNM; G/2 d5"]
[Site "San Francisco"]
[Date "2017.09.05"]
[Round "5.24"]
[White "Frank, Robert H"]
[Black "Rakonitz, David"]
[Result "0-1"]
[WhiteElo "1243"]
[BlackElo "1623"]
[PlyCount "56"]
[EventDate "2017.??.??"]

1. d4 Nf6 2. Nf3 e6 3. e3 b6 4. Nbd2 Bb7 5. Bd3 Be7 6. O-O O-O 7. e4 c5 8. c3
cxd4 9. Nxd4 Nc6 10. N2f3 Nxd4 11. cxd4 Bxe4 12. Be3 Bxd3 13. Qxd3 d6 14. Rfd1
Qd7 15. h3 Rac8 16. Rac1 Nd5 17. a3 h6 18. Nd2 Rc7 19. Ne4 Rfc8 20. Nc3 Nxc3
21. bxc3 Rc4 22. Rd2 d5 23. Ra2 Qa4 24. Qc2 Qxc2 25. Rcxc2 Rxc3 26. Rxc3 Rxc3
27. a4 Rc4 28. Kf1 Bf6 0-1

[Event "Mechanics' Fall TNM; G/2 d5"]
[Site "San Francisco"]
[Date "2017.11.07"]
[Round "3.34"]
[White "Frank, Robert H"]
[Black "Robertson, Terrance"]
[Result "0-1"]
[WhiteElo "1293"]
[BlackElo "1352"]
[PlyCount "76"]
[EventDate "2017.??.??"]

1. d4 d5 2. Nf3 Nf6 3. e3 e6 4. Bd3 Be7 5. Nbd2 O-O 6. e4 dxe4 7. Nxe4 Nbd7 8.
O-O Nxe4 9. Bxe4 Nf6 10. Bd3 b6 11. Re1 Bb7 12. c3 c5 13. dxc5 Bxc5 14. b4 Be7
15. Bg5 h6 16. Bf4 Nd5 17. Be5 Bf6 18. Rc1 Rc8 19. Qb3 Bg5 20. Nxg5 Qxg5 21.
Be4 Ba8 22. c4 Nf4 23. Bxa8 Rxa8 24. Qf3 Ng6 25. Bb2 Rfe8 26. Re4 Nh4 27. Qh3
Qd2 28. Qc3 Qxc3 29. Bxc3 Nf5 30. Rd1 Rad8 31. Ree1 Nd6 32. Rd4 Nf5 33. Rd2
Rxd2 34. Bxd2 Rd8 35. Bf4 Rd4 36. Bc1 Rxc4 37. a3 Nd4 38. Re4 Rxc1+ 0-1

[Event "Mechanics' Summer TNM; G/2 d5"]
[Site "San Francisco"]
[Date "2017.07.18"]
[Round "8.34"]
[White "Frank, Robert H"]
[Black "Robertson, Terrance"]
[Result "0-1"]
[WhiteElo "1200"]
[BlackElo "1421"]
[PlyCount "64"]
[EventDate "2017.??.??"]

1. d4 d5 2. Nf3 Nf6 3. e3 c5 4. c3 e6 5. Bd3 c4 6. Bc2 Nc6 7. Nbd2 Bd6 8. e4
dxe4 9. Nxe4 Nxe4 10. Bxe4 Qc7 11. Qa4 Bd7 12. Qxc4 O-O-O 13. O-O Rhf8 14. d5
exd5 15. Bxd5 f6 16. Be3 Kb8 17. a4 g5 18. h3 h5 19. Bc5 g4 20. Bxd6 Qxd6 21.
Bxc6 Rc8 22. Qd5 Rxc6 23. Qxd6+ Rxd6 24. hxg4 hxg4 25. Nd4 f5 26. a5 Rh8 27. g3
Rdh6 28. f3 Rh1+ 29. Kf2 R1h2+ 30. Ke3 Rxb2 31. fxg4 fxg4 32. Rf2 Re8+ 0-1

[Event "Mechanics' Spring TNM; G/2"]
[Site "San Francisco"]
[Date "2017.03.21"]
[Round "2.35"]
[White "Frank, Robert H"]
[Black "Starr, Albert Mart"]
[Result "1/2-1/2"]
[WhiteElo "1229"]
[BlackElo "1571"]
[Annotator "Donaldson"]
[PlyCount "199"]
[EventDate "2017.??.??"]

1. d4 f5 2. Nf3 Nf6 3. c4 g6 4. e3 Bg7 5. Nbd2 d6 6. Rb1 c5 7. Nb3 cxd4 8. exd4
O-O 9. d5 h6 10. Bd3 e5 11. dxe6 Bxe6 12. O-O Nbd7 13. Nbd4 Bf7 14. h3 Ne5 15.
Bf4 Nxc4 16. Re1 Re8 17. b3 Rxe1+ 18. Qxe1 Nb6 (18... Ne5 19. Nxe5 dxe5 20.
Bxe5 Qe7) 19. Ne6 $1 Qd7 20. Nxg7 Kxg7 21. Rd1 d5 22. Qa5 g5 23. Be5 f4 24. Bb5
Qd8 25. Nd4 Kg8 26. g4 $2 (26. Nf5 $1) 26... a6 27. Bf1 Nbd7 28. Qxd8+ Rxd8 29.
Bxf6 Nxf6 30. Bg2 Ne4 31. Nf5 Nc3 32. Rd2 Kh7 33. Kf1 Be6 34. Rc2 Ne4 35. Nd4
Rc8 36. Re2 Rc1+ 37. Re1 Rxe1+ 38. Kxe1 Bf7 39. Bf3 Kg6 40. Bd1 Kf6 41. f3 Nc3
42. a4 Nxd1 43. Kxd1 Ke5 44. Nf5 h5 45. Kc2 Bg6 46. Kd3 Bxf5+ 47. gxf5 Kxf5 48.
Kd4 Ke6 49. b4 {Diagram [#]} h4 $2 (49... g4 $1 50. fxg4 hxg4 51. hxg4 Kf6) 50.
Kd3 Ke5 51. Kc3 b5 52. axb5 axb5 53. Kd3 d4 54. Ke2 Ke6 55. Kd2 Kd6 56. Ke2 Ke5
57. Kd2 Kf5 (57... g4 $1 58. fxg4 f3 59. Kd3 Kf4 60. Kd2 Ke4 61. Ke1 d3 62. Kd2
f2) 58. Ke2 Kf6 59. Kd2 Ke5 60. Ke2 g4 $1 61. fxg4 Ke4 62. g5 f3+ 63. Kf2 d3
64. g6 d2 65. g7 d1=Q 66. g8=Q Qd4+ (66... Qe2+ 67. Kg1 f2+) 67. Ke1 f2+ $2 (
67... Qxb4+) 68. Kf1 Qc4+ $4 (68... Qd2) 69. Qxc4+ bxc4 70. Kxf2 Kd3 71. b5 c3
72. b6 c2 73. b7 c1=Q 74. b8=Q Qe3+ 75. Kg2 Qe2+ 76. Kg1 Qd1+ 77. Kh2 Qd2+ 78.
Kh1 Qe1+ 79. Kh2 Qe2+ 80. Kh1 Qe4+ 81. Kh2 Ke3 82. Kg1 Qg6+ 83. Kh2 Qc2+ 84.
Kh1 Qd1+ 85. Kh2 Qe2+ 86. Kh1 Kf2 87. Qb6+ Qe3 88. Qxe3+ Kxe3 89. Kg2 Kf4 90.
Kf2 Kg5 91. Kf3 Kf5 92. Kg2 Kf4 93. Kf2 Kg5 94. Kf3 Kf5 95. Ke3 Kg5 96. Kf3 Kf5
97. Ke3 Ke5 98. Kf3 Kf5 99. Ke3 Kg6 100. Kf3 1/2-1/2

[Event "Mechanics' Spring TNM; G/2"]
[Site "San Francisco"]
[Date "2017.04.25"]
[Round "7.36"]
[White "Frank, Robert H"]
[Black "Tuck, Drew"]
[Result "0-1"]
[WhiteElo "1229"]
[BlackElo "1479"]
[PlyCount "58"]
[EventDate "2017.??.??"]

1. d4 d5 2. Nf3 e6 3. e3 Nf6 4. Bd3 b6 5. Nbd2 c5 6. c3 Nbd7 7. O-O Bb7 8. Re1
Ne4 9. Bb5 a6 10. Bxd7+ Qxd7 11. Ne5 Qc7 12. Nxe4 dxe4 13. f4 exf3 14. Nxf3 Bd6
15. e4 cxd4 16. cxd4 O-O 17. e5 Be7 18. Be3 Rad8 19. Rc1 Qb8 20. a3 b5 21. Rf1
Rd7 22. Rf2 Bd8 23. b4 Bb6 24. Qd3 h6 25. Rcf1 Rfd8 26. Rd2 Bxf3 27. Rxf3 Bxd4
28. Qe4 Bxe3+ 29. Qxe3 Rxd2 0-1

[Event "Mechanics' Spring TNM; G/2"]
[Site "San Francisco"]
[Date "2017.04.18"]
[Round "6.40"]
[White "Frank, Robert H"]
[Black "Zhang, Kevin"]
[Result "1-0"]
[WhiteElo "1229"]
[BlackElo "965"]
[PlyCount "55"]
[EventDate "2017.??.??"]

1. d4 e6 2. e3 d5 3. Nf3 Nf6 4. Bd3 Bd6 5. Nbd2 O-O 6. e4 c5 7. e5 c4 8. exf6
cxd3 9. fxg7 Re8 10. Nf1 e5 11. Bg5 f6 12. Be3 Bg4 13. Qxd3 e4 14. Qb3 exf3 15.
Qxd5+ Kxg7 16. Nd2 fxg2 17. Rg1 f5 18. Qxb7+ Nd7 19. Qxg2 h5 20. h3 f4 21. hxg4
Qg5 22. gxh5 Qxg2 23. Rxg2+ Kh6 24. Rg6+ Kxh5 25. Rxd6 fxe3 26. Rd5+ Kg4 27.
O-O-O exd2+ 28. Kxd2 {and White went on to win. Remaining moves unavailable.}
1-0

[Event "Mechanics' Summer TNM; G/2 d5"]
[Site "San Francisco"]
[Date "2017.06.20"]
[Round "5.7"]
[White "Fuentes, Romulo C"]
[Black "Andries, W Craig"]
[Result "1-0"]
[WhiteElo "2206"]
[BlackElo "1877"]
[PlyCount "103"]
[EventDate "2017.??.??"]

1. e4 g6 2. d4 Bg7 3. Nc3 d6 4. h4 h6 5. Be3 a6 6. Qd2 b5 7. Be2 Nd7 8. h5 g5
9. f4 gxf4 10. Bxf4 Bb7 11. Bf3 e5 12. dxe5 Nxe5 13. Be2 Ne7 14. Nf3 Qd7 15.
O-O-O Nxf3 16. Bxf3 Qe6 17. Be3 O-O-O 18. Kb1 Qc4 19. Bd4 Bxd4 20. Qxd4 Qxd4
21. Rxd4 Nc6 22. Rdd1 Ne5 23. Rhf1 Rhg8 24. b3 Rg5 25. Nd5 Bxd5 26. exd5 Kd7
27. Rd4 Ke7 28. a4 Rb8 29. axb5 axb5 30. Rf4 b4 31. g4 Rb5 32. Be2 Rb8 33. Rf6
Rh8 34. Kb2 Rh7 35. R6f4 Rhg7 36. Rxb4 Nxg4 37. Rb7 Kd7 38. Bb5+ Kc8 39. Bc6
Ne5 40. Ra1 Nxc6 41. dxc6 Kd8 42. Ra8+ Ke7 43. Rxc7+ Ke6 44. Rb7 Rg8 45. Raa7
R5g7 46. b4 d5 47. b5 Rc8 48. Kb3 Kd6 49. Rxf7 Rxf7 50. Rxf7 Kc5 51. Rb7 d4 52.
c7 1-0

[Event "Mechanics' Peter Grey TNM; G/2 d5"]
[Site "San Francisco"]
[Date "2017.08.15"]
[Round "2.19"]
[White "Fuentes, Romulo C"]
[Black "Capdeville, Barry"]
[Result "1-0"]
[WhiteElo "2203"]
[BlackElo "1264"]
[PlyCount "35"]
[EventDate "2017.??.??"]

1. e4 e5 2. Nf3 Nf6 3. Nxe5 d6 4. Nf3 Nxe4 5. Nc3 Nxc3 6. dxc3 Be7 7. Be3 O-O
8. Qd2 b6 9. O-O-O Ba6 10. Bxa6 Nxa6 11. h4 Qd7 12. Ng5 Nc5 13. f4 f6 14. Qd5+
Kh8 15. Nf7+ Kg8 {Diagram [#]} 16. Nh6+ Kh8 17. Qg8+ Rxg8 18. Nf7# 1-0

[Event "Mechanics' Spring TNM; G/2"]
[Site "San Francisco"]
[Date "2017.04.25"]
[Round "7.7"]
[White "Fuentes, Romulo C"]
[Black "Cheng, Alfonso"]
[Result "1-0"]
[WhiteElo "2200"]
[BlackElo "1913"]
[Annotator "Donaldson"]
[PlyCount "85"]
[EventDate "2017.??.??"]

1. e4 e5 2. Nf3 Nc6 3. d4 exd4 4. Bc4 Bc5 5. Ng5 Nh6 6. Nxf7 Nxf7 7. Bxf7+ Kxf7
8. Qh5+ g6 9. Qxc5 d6 10. Qd5+ Be6 11. Qb5 a6 12. Qe2 Re8 13. O-O Qf6 14. f4
Kg8 15. Nd2 Nb4 16. Nf3 Bxa2 17. Qd2 a5 18. c3 dxc3 19. bxc3 Bc4 20. e5 dxe5
21. cxb4 e4 22. Bb2 Qb6+ 23. Rf2 e3 24. Qc3 exf2+ 25. Kh1 Re1+ 26. Rxe1 fxe1=Q+
27. Nxe1 Kf8 28. Nf3 Rd8 29. h3 Bf7 30. bxa5 Rd1+ 31. Kh2 Qb3 {Diagram [#]} 32.
Qg7+ (32. Qc5+ $1 Kg8 (32... Ke8 33. Bg7) 33. Qe5 Kf8 34. Ng5 Bg8 35. Ne4 Rd7
36. Qc5+ Ke8 (36... Re7 37. Ba3) 37. Nf6+) 32... Ke8 33. Ng5 Qc4 34. Be5 Rd2
35. Nxh7 Qc6 36. Qf8+ Kd7 37. Qxf7+ Kc8 38. Qg8+ Kd7 39. Nf6+ Ke7 40. Qxg6 Re2
41. Ng8+ Kf8 42. Qg7+ Ke8 43. Qe7# 1-0

[Event "Mechanics' Summer TNM; G/2 d5"]
[Site "San Francisco"]
[Date "2017.06.27"]
[Round "6.4"]
[White "Fuentes, Romulo C"]
[Black "Doyle, Bryon"]
[Result "1/2-1/2"]
[WhiteElo "2206"]
[BlackElo "2221"]
[PlyCount "36"]
[EventDate "2017.??.??"]

1. e4 c5 2. Nf3 Nc6 3. d4 cxd4 4. Nxd4 g6 5. Nc3 Bg7 6. Be3 Nf6 7. Bc4 O-O 8.
Bb3 a5 9. a4 Ng4 10. Nxc6 Nxe3 11. Nxd8 Nxd1 12. Nd5 Rxd8 13. Rxd1 Kf8 14. c3
d6 15. Nb6 Ra6 16. Nxc8 Rxc8 17. Kd2 Rc5 18. Kc2 Ra8 1/2-1/2